000 00294nam a22001337a 4500
008 171011b xxu||||| |||| 00| 0 eng d
020 _a012435260
041 _aeng
080 _a316
100 _a50
101 _aSOC
245 _aSOCIAL WELFARE SPENDING
_cLAPMAN.R.J
942 _2udc
_cBK
999 _c33126
_d33126